000
00344cam a2200145ua 4500
041
_a
eng
_h
082
_a
335 .4
_b
MAR/CA
100
_a
MarxKarrl, .
245
_a
Capital : A Critigue of political economy Vol.III
260
_a
:
_b
progress publishers ,
_c
1966.
300
_a
948 ; .
504
_a
942
_c
BK
999
_c
11232
_d
11232